000 00849nam a2200241Ia 4500
003 OSt
005 20220923221618.0
006 a|||||r|||| 00| 0
007 ta
008 220922b |||||||| |||| 00| 0 hin d
024 _a198,616
037 _cTextual
040 _aARTS
_cARTS
_bhin
041 _2hin
_ahin
082 _aP152:52, L5
100 _aसिंहल, ओम प्रकाश; असद, माजदा
_9165483
245 0 _aसंक्षेपण सिद्धधान्त और प्रयोग
246 _aSankṣhepaṇ siddhadhānta aur prayoga
260 _aआगरा
_b लक्ष्मीनारायण
_c1975
300 _a98पृ.
_ccm.
942 _hP152:52, L5
_cTEXL
_2CC
999 _c350425
_d350425